Worker Safety Advisers are go (Record no. 74124)
[ view plain ]
| 000 -LEADER | |
|---|---|
| fixed length control field | 01367cab a2200229 4500 |
| 001 - CONTROL NUMBER | |
| control field | X125051 |
| 008 - FIXED-LENGTH DATA ELEMENTS--GENERAL INFORMATION | |
| fixed length control field | 040205n2004 000 0 eng u |
| 035 ## - SYSTEM CONTROL NUMBER | |
| System control number | (Sirsi) u125051 |
| 100 ## - MAIN ENTRY--PERSONAL NAME | |
| Personal name | Dyer, C. |
| 245 ## - TITLE STATEMENT | |
| Title | Worker Safety Advisers are go |
| 260 ## - PUBLICATION, DISTRIBUTION, ETC. | |
| Date of publication, distribution, etc. | 2004 |
| 490 ## - SERIES STATEMENT | |
| Series statement | Health and Safety Bulletin |
| Volume/sequential designation | (325) January/February 2004 13-17 (5) |
| 520 ## - SUMMARY, ETC. | |
| Summary, etc. | Following the analysis of the responses to the Health and Safety Commission's discussion document (HSB 284 5 encouraged the promotion of public debate on arrangements for employee consultation and greater involvement in workplace health and safety), the HSC agreed with ministers measures to improve consultation with workers. This article principally discusses the Worker safety Adviser (WSA) pilot scheme which set out to introduce specially trained safety advisers to places that had no safety representatives and to liaise with management and the workforce over health and safety issues on site. Dyer concludes that the results of the pilot scheme show that WSAs can make a difference to health and safety standards in small workplaces. |
| 590 ## - LOCAL NOTE (RLIN) | |
| Local note | ABS |
| 650 ## - SUBJECT ADDED ENTRY--TOPICAL TERM | |
| Topical term or geographic name entry element | WORKPLACE |
| 650 ## - SUBJECT ADDED ENTRY--TOPICAL TERM | |
| Topical term or geographic name entry element | WORKER SAFETY ADVISER |
| 650 ## - SUBJECT ADDED ENTRY--TOPICAL TERM | |
| Topical term or geographic name entry element | HEALTH AND SAFETY EXECUTIVE |
| 650 ## - SUBJECT ADDED ENTRY--TOPICAL TERM | |
| Topical term or geographic name entry element | HEALTH AND SAFETY COMMISSION |
| 650 ## - SUBJECT ADDED ENTRY--TOPICAL TERM | |
| Topical term or geographic name entry element | HEALTH AND SAFETY INSPECTION |
| 690 ## - LOCAL SUBJECT ADDED ENTRY--TOPICAL TERM (OCLC, RLIN) | |
| Topical term or geographic name as entry element | Health and safety |
| 9 (RLIN) | 6244 |
| 942 ## - ADDED ENTRY ELEMENTS (KOHA) | |
| Suppress in OPAC | 0 |
| Withdrawn status | Lost status | Source of classification or shelving scheme | Damaged status | Not for loan | Home library | Current library | Shelving location | Date acquired | Total Checkouts | Full call number | Barcode | Date last seen | Copy number | Price effective from | Koha item type |
|---|---|---|---|---|---|---|---|---|---|---|---|---|---|---|---|
| Dewey Decimal Classification | London | London | Journal article | 10/03/2004 | X125051 | 125051-1001 | 06/08/2019 | 1 | 06/08/2019 | Journal article |